000 00998cam a2200229 4500
001 ABS61809
008 000000n1999 000 0 eng u
035 _a(Sirsi) u103801
100 _aBiles, M.
245 _aLeasehold valuation tribunals and managers of flats
260 _c1999
490 _aThe Conveyancer
_v(63) November/December 1999, 472-492(11)
520 _aAimed at leaseholders, their advisors and even LVT Panels, this articles attempts to clarify the procedures relating to appointing managers of blocks of flats under the Landlord and Tenant Act 1987. Looks at the nature, purpose and consequences of the appointment of managers of blocks of flats and the scope and extent of their powers, rights and functions.
590 _aABS
650 _aBLOCKS OF FLATS
650 _aLANDLORD AND TENANT ACT 1987
650 _aHOUSING ACT 1996
650 _aLEASEHOLD VALUATION TRIBUNALS
650 _aRECEIVERS
690 _aLANDLORD AND TENANT-LEASEHOLD REFORM
942 _n0
999 _c62332
_d62332